00833nam a22002537a 450000500170000001000130001702000100003003500130004003700160005304000120006908200150008110000240009624500560012026000440017627000510022030000250027150000200029665000440031665000240036070000270038494200250041199900190043695201240045520170124110226.0 aA-904889 c85.00 aA-904889 bCen Lib/Ret aDPLbEN a025.3bKUM aKumar Girja 940850 aBibliography /cby Girja Kumar [and] Krishna Kumar  aNew DelhibVikas publishing housec1976 bNew Delhia576, Masjid Road, Jangpura e110014 avii,272p.c21cm(pbk) aIncludes index  aLibaray and information science 940851 aBibliography 91104 aKumar, Krishna 935236 2ddccENh025..3mKUM c134483d134483 00104070aLbLd2015-07-30eCen Lib/Retg85.00l0o025.3 KUMpA-904889r2015-07-30 00:00:00t1v85.00w2015-07-30yEN